000 00902nam0a22002291 4500
001 v19\rc\1232689
005 20250617230341.0
035 _a(NLR Aleph) 004392716
090 _a3774170
_c3774170
100 _a20060306d1882 |||y0rusy50 ca
101 0 _arus
102 _aRU
105 _ay z |||||
200 1 _aИстория страданий господа нашего Иисуса Христа по сказанию четырех евангелистов, с объяснительными примечаниями
_eРуководство к изучению евангельск. истории
_fСост. свящ. С. Любимов
210 _aСанкт-Петербург
_d1882
215 _a[6], 99 с.
700 1 _aЛюбимов
_bС.
_gСергий
_4220
801 0 _aRU
_bNLR
_gpsbo
801 1 _aRU
_bProSoft-M
_2rusmarc
852 _aNLR
_j18.153.3.16
942 _cBOOK
980 _aNB